00000000nam 2200000zi 4500
0019.953019
003CaOODSP
00520250821133820
006m     o  d f      
007cr |n|||||||||
008250709e199309##abcab   obt  f|0| 0 eng d
040 |aCaOODSP|beng|erda|cCaOODSP
043 |an-cn-ab
0861 |aDR52-2/14-1993E-PDF
1001 |aMcAndless, J. M., |d1942- |eauthor.
24510|aPublic consultation during a chemical warfare agent destruction project / |cby J.M. McAndless.
264 1|aMedicine Hat, Alberta : |bDefence Research Establishment Suffield, |cSeptember 1993.
300 |a1 online resource (vi, 41, [2] pages) : |billustrations, maps.
336 |atext|btxt|2rdacontent
337 |acomputer|bc|2rdamedia
338 |aonline resource|bcr|2rdacarrier
4901 |aSuffield special publication ; |vNo. 169
500 |aDigitized edition from print [produced by Defence Research and Development Canada].
500 |a"Unclassified."
504 |aIncludes bibliographical references (pages 38-41).
5203 |a"In this Report, the scope of the public consultation program and the approaches which proved successful in gaining public acceptance for the project goals and methods are described. Concerns were effectively addressed by the direct public input during the project planning and participatory interaction with the citizens' advisory group during subsequent agent destruction operations" -- Abstract, page iii.
650 0|aChemical weapons disposal|zAlberta|zSuffield|xPublic opinion.
650 6|aArmes chimiques|xÉlimination|zAlberta|zSuffield|xOpinion publique.
650 0|aPublic opinion|zAlberta.
650 6|aOpinion publique|zAlberta.
7102 |aDefence Research Establishment Suffield, |eissuing body.
830#0|aSuffield special publication ;|vNo. 169.|w(CaOODSP)9.926017
85640|qPDF|s2.26 MB|uhttps://publications.gc.ca/collections/collection_2025/rddc-drdc/DR52-2-14-1993-eng.pdf
986 |aDRES-SSP-169